| 000 | 00611nam a22002057a 4500 | ||
|---|---|---|---|
| 003 | OSt | ||
| 005 | 20251022102012.0 | ||
| 008 | 251022b |||||||| |||| 00| 0 eng d | ||
| 020 | _a9780123978882 | ||
| 040 | _cDDC | ||
| 082 | _a621.38 ANA 2013 | ||
| 100 |
_aEdited by Dobkin, Bob; Williams, Jim _919481 |
||
| 245 | _aAnalog Circuit Design Vol.2: immersion in the black art analog design | ||
| 260 |
_aAmsterdam; _bElsevier, _c2013 |
||
| 300 | _axviii,1250p.; Ill: 28cm | ||
| 504 | _aReferences, & index included | ||
| 650 |
_aAnalog design _99856 |
||
| 650 |
_aCircuit design _95816 |
||
| 942 |
_2ddc _cO_SHELF |
||
| 999 |
_c9577 _d9577 |
||